Estatísticas para Todos os Campeões de League of Legends

Clique aqui para jogar o quiz

Estatísticas Gerais

  • Esse quiz foi jogado 1 255 vezes
    (159 desde o último reset)
  • A pontuação média é 116 de 166

Estatísticas das Respostas

Campeões% Correto
Vi
93%
Lux
91%
Yasuo
90%
Aatrox
89%
Ashe
86%
Lulu
86%
Caitlyn
84%
Garen
84%
Jinx
84%
Lee Sin
84%
Leona
84%
Darius
83%
Yone
83%
Ahri
82%
Aurelion Sol
82%
Azir
82%
Ezreal
82%
Katarina
82%
Zed
82%
Annie
80%
Seraphine
80%
Tristana
80%
Kayle
79%
Morgana
79%
Warwick
79%
Akali
78%
Anivia
78%
Diana
78%
Ekko
78%
Ornn
78%
Aphelios
77%
Braum
77%
Malphite
77%
Miss Fortune
77%
Teemo
77%
Alistar
76%
Irelia
76%
Kai'Sa
76%
Lucian
76%
Nautilus
76%
Senna
76%
Volibear
76%
Blitzcrank
74%
Fiora
74%
Nasus
74%
Renekton
74%
Sejuani
74%
Singed
74%
Soraka
74%
Zyra
74%
Brand
73%
Draven
73%
Neeko
73%
Samira
73%
Sona
73%
Varus
73%
Veigar
73%
Viego
73%
Ziggs
73%
Fizz
72%
Graves
72%
Heimerdinger
72%
Jarvan IV
72%
LeBlanc
72%
Mordekaiser
72%
Orianna
72%
Pantheon
72%
Rek'Sai
72%
Vayne
72%
Gnar
71%
Kayn
71%
Poppy
71%
Rengar
71%
Zoe
71%
Galio
70%
Jax
70%
Karma
70%
Rakan
70%
Bel'Veth
69%
Cassiopeia
69%
Corki
69%
Evelynn
69%
Fiddlesticks
69%
Gragas
69%
Jhin
69%
Kassadin
69%
Master Yi
69%
Shaco
69%
Thresh
69%
Amumu
68%
Gangplank
68%
Hecarim
68%
Hwei
68%
Illaoi
68%
Ivern
68%
Jayce
68%
Kindred
68%
Syndra
68%
Taric
68%
Tryndamere
68%
Twisted Fate
68%
Urgot
68%
Janna
67%
Lissandra
67%
Maokai
67%
Nunu e Willump
67%
Olaf
67%
Riven
67%
Rumble
67%
Sion
67%
Twitch
67%
Zac
67%
Bardo
66%
Camille
66%
Cho'Gath
66%
K'Sante
66%
Nami
66%
Qiyana
66%
Sivir
66%
Vex
66%
Xayah
66%
Yuumi
66%
Akshan
64%
Kled
64%
Pyke
64%
Viktor
64%
Xerath
64%
Zilean
64%
Kennen
63%
Malzahar
63%
Naafiri
63%
Sett
63%
Swain
63%
Briar
62%
Kalista
62%
Milio
62%
Nocturne
62%
Talon
62%
Vel'Koz
62%
Vladimir
62%
Dr. Mundo
61%
Kha'Zix
61%
Kog'Maw
61%
Nidalee
61%
Rammus
61%
Sylas
61%
Taliyah
61%
Shyvana
60%
Elise
59%
Rell
59%
Shen
59%
Tahm Kench
59%
Yorick
59%
Zeri
59%
Nilah
58%
Udyr
58%
Ryze
57%
Skarner
57%
Gwen
56%
Renata Glasc
54%
Lillia
53%
Trundle
53%
Karthus
52%
Quinn
52%
Wukong
51%
Xin Zhao
51%

Distribuição das Pontuações

Percentil de Números Respondidos

Porcentagem de Pessoas com Cada Pontuação

Sua Pontuação Histórica

Você não jogou esse quiz desde o último reset